MARC

Tag First Indicator Second Indicator Subfields
LEADER 00000cgm a2200000Mi 4500
001 in00005559622
006 m o c
007 cr |n|---||a|a
007 vz |z|zu|
008 080405s1958 dcu028 o vueng d
005 20241201231156.1
035 |a (OCoLC)ocn701797268 
040 |a ALSTP  |b eng  |e pn  |c ALSTP  |d OCLCQ  |d CUS  |d OCLCA  |d OCLCQ  |d CUS  |d OCLCQ  |d OCLCA  |d OCLCF  |d OCLCQ  |d U3G  |d OCLCO  |d OCLCQ  |d OCLCA  |d OCLCQ  |d OCLCO  |d OCLCQ  |d IAA  |d FVL  |d OCLCA  |d GILDS  |d MNI  |d WYU  |d YOU  |d TKN  |d OCLCA  |d AU@  |d OCLCO  |d OCL  |d OCLCQ  |d OCLCO  |d DXU 
019 |a 780676300  |a 891473464  |a 1086955615  |a 1443991388 
035 |a (OCoLC)701797268  |z (OCoLC)780676300  |z (OCoLC)891473464  |z (OCoLC)1086955615  |z (OCoLC)1443991388 
043 |a n-us--- 
050 4 |a E178 
082 1 4 |a 355.3  |q OCoLC 
049 |a TXAM 
245 0 0 |a Character guidance. 
260 |a Washington D.C. :  |b Army Pictorial Service,  |c 1958. 
300 |a 1 online resource (28 min.). 
336 |a two-dimensional moving image  |b tdi  |2 rdacontent 
337 |a computer  |b c  |2 rdamedia 
338 |a online resource  |b cr  |2 rdacarrier 
344 |a digital  |g stereo  |2 rda 
347 |a streaming video file 
490 0 |a Big picture ;  |v episode 429 
520 |a From the U.S. Army's The Big Picture television series, 1950-1975. 
520 |a "In this issue, television audiences will see the Army's latest methods used in character guidance instruction. Using open ended films which have been staged and produced by the Army Pictorial Center, a problem is presented to the soldier on an ethical subject which plays, or might someday play, an important part in his life. The films are purposely left unresolved so that, after watching them, the soldiers may evaluate for themselves the behavior of the characters and provide their own solution to the problems presented. That such a vast military organization as the United States Army should have a program dealing with character guidance may seem a little puzzling. But the character of the American soldier is representative of this country--and the character of a country may well be its most precious possession."--National Archives and Records Administration. 
588 0 |a Print version record. 
546 |a In English. 
546 |a Original language in English. 
610 1 0 |a United States.  |b Army. 
610 1 6 |a États-Unis.  |b Army. 
610 1 7 |a United States.  |b Army  |2 fast 
650 0 |a Moral education. 
650 6 |a Éducation morale. 
650 7 |a Moral education  |2 fast 
655 4 |a Streaming videos. 
655 7 |a documentary film.  |2 aat 
655 7 |a Feature films  |2 fast 
655 7 |a Documentary films  |2 fast 
655 7 |a Documentary television programs  |2 fast 
655 7 |a Nonfiction films  |2 fast 
655 7 |a Nonfiction television programs  |2 fast 
655 7 |a Short films  |2 fast 
655 7 |a Short films.  |2 gsafd 
655 7 |a Documentary television programs.  |2 lcgft 
655 7 |a Nonfiction television programs.  |2 lcgft 
655 7 |a Short films.  |2 lcgft 
655 7 |a Documentary films.  |2 lcgft 
655 7 |a Nonfiction films.  |2 lcgft 
655 7 |a Feature films.  |2 lcgft 
655 7 |a Documentaires télévisés.  |2 rvmgf 
655 7 |a Émissions télévisées autres que de fiction.  |2 rvmgf 
655 7 |a Courts métrages.  |2 rvmgf 
655 7 |a Documentaires.  |2 rvmgf 
655 7 |a Films autres que de fiction.  |2 rvmgf 
710 1 |a United States.  |b Army Pictorial Center. 
710 1 |a United States.  |b Department of the Army. 
830 0 |a American history in video. 
856 4 0 |u http://proxy.library.tamu.edu/login?url=https://www.aspresolver.com/aspresolver.asp?AVN2;1790178  |z Connect to this streaming video (Alexander Street Press)  |t 0 
955 |a Alexander Street Press subscription streaming video 
994 |a 92  |b TXA 
999 f f |s c2896efd-8de3-436d-9b63-29091842b219  |i 1faf61ef-caa2-4a2a-b507-c034d03ebb0a  |t 0 
952 f f |a Texas A&M University  |b College Station  |c Electronic Resources  |d Available Online  |t 0  |e E178   |h Library of Congress classification 
998 f f |a E178   |t 0  |l Available Online